Loading...
| Fine Arts - Painting & Sculpture | 0 | 3 | 0 | 2 | 30 | 115 | 127.67 | 0 | 1 | 0.00 | 0.00 |
| Literature - World | 0 | 3 | 0 | 0 | 30 | 109 | 123.33 | 0 | 0 | 0.00 | 0.00 |
| Fine Arts - Classical Music | 0 | 3 | 0 | 2 | 30 | 80 | 121.33 | 0 | 1 | 0.00 | 0.00 |
| Science - Chemistry | 0 | 3 | 0 | 0 | 30 | 89 | 113.67 | 0 | 1 | 0.00 | 0.00 |
| Literature - American | 0 | 2 | 0 | 0 | 20 | 91 | 101.00 | 0 | 1 | 0.00 | 0.00 |
| History - American | 0 | 2 | 0 | 1 | 20 | 128 | 132.50 | 0 | 0 | 0.00 | 0.00 |
| History - European | 0 | 2 | 0 | 1 | 20 | 68 | 99.00 | 0 | 1 | 0.00 | 0.00 |
| Literature - British | 0 | 2 | 0 | 0 | 20 | 102 | 122.50 | 0 | 1 | 0.00 | 0.00 |
| History - World | 0 | 1 | 0 | 0 | 10 | 98 | 98.00 | 0 | 1 | 0.00 | 0.00 |
| Mythology | 0 | 1 | 0 | 0 | 10 | 94 | 94.00 | 0 | 1 | 0.00 | 0.00 |
| Science - Biology | 0 | 1 | 0 | 1 | 10 | 135 | 135.00 | 0 | 1 | 0.00 | 0.00 |
| Science - Other | 0 | 1 | 0 | 0 | 10 | 119 | 119.00 | 0 | 0 | 0.00 | 0.00 |
| Fine Arts - Other | 0 | 0 | 0 | 0 | 0 | 0.00 | 0 | 0 | 0.00 | 0.00 |